000 00608nam a2200229Ia 4500
005 20250425162608.0
008 250425s9999 xx 000 0 und d
020 _a9781118061602
041 _aeng
082 _a620.11
100 _aCALLISTER, WILLIAM D.
245 0 _aFUNDAMENTALS OF MATERIALS SCIENCE AND ENGINEERING: AN INTEGRATED APPROACH
250 _a4TH ED.
260 _aEstados Unidos
_bJOHN WILEY AND SONS
_c2012
260 _aHOBOKEN
300 _a910
650 _aMATERIALES
650 _aMATERIALES-INGENIERIA
700 _aRETHWISCH, DAVID G.
942 _c01
010 _a88428
999 _c232483
_d232483